| 000 -LEADER |
| fixed length control field |
01588nam a22002537a 4500 |
| 003 - CONTROL NUMBER IDENTIFIER |
| control field |
AR-BaISA |
| 005 - DATE AND TIME OF LATEST TRANSACTION |
| control field |
20230413111303.0 |
| 007 - PHYSICAL DESCRIPTION FIXED FIELD--GENERAL INFORMATION |
| fixed length control field |
ta |
| 008 - FIXED-LENGTH DATA ELEMENTS--GENERAL INFORMATION |
| fixed length control field |
170323s19951996ag ad||| |||| 00| 0 spa d |
| 020 ## - INTERNATIONAL STANDARD BOOK NUMBER |
| International Standard Book Number |
9509238228 (Volumen I) |
| 020 ## - INTERNATIONAL STANDARD BOOK NUMBER |
| International Standard Book Number |
9509238260 (Volumen II) |
| 040 ## - CATALOGING SOURCE |
| Transcribing agency |
AR-BaISA |
| 082 04 - DEWEY DECIMAL CLASSIFICATION NUMBER |
| Edition number |
22 |
| Classification number |
612.76 B645 |
| 100 1# - MAIN ENTRY--PERSONAL NAME |
| 9 (RLIN) |
46 |
| Personal name |
Bordoli, Pablo Daniel |
| 245 10 - TITLE STATEMENT |
| Title |
Manual para el análisis de los movimientos / |
| Statement of responsibility, etc. |
Pablo Daniel Bordoli |
| 260 ## - PUBLICATION, DISTRIBUTION, ETC. |
| Place of publication, distribution, etc. |
Buenos Aires: |
| Name of publisher, distributor, etc. |
Centro Editor Argentino, |
| Date of publication, distribution, etc. |
1995 |
| 300 ## - PHYSICAL DESCRIPTION |
| Extent |
2 vol. : |
| Other physical details |
il., graf. |
| 500 ## - GENERAL NOTE |
| General note |
Bibliografía al final de cada capítulo |
| 505 0# - FORMATTED CONTENTS NOTE |
| Title |
VOLUMEN I: |
| -- |
Introducción a la biomecánica -- |
| -- |
Cadenas cinemáticas -- |
| -- |
Osteocinemática y artrocinemática -- |
| -- |
Mecánica del cartílago articular -- |
| -- |
Cinética -- |
| -- |
Miocinética -- |
| -- |
Organización de los sistemas motores -- |
| -- |
Energía -- |
| -- |
Estática y resistencia de materiales -- |
| -- |
Estática y resistencia de materiales -- |
| -- |
VOLUMEN II: |
| -- |
Columna vertebral -- |
| -- |
Articulación témporo-mandibular -- |
| -- |
Pasaje lumbo-sacro-ilíaco pelvis -- |
| -- |
Historia del movimiento -- |
| -- |
Locomoción y marcha humana -- |
| -- |
Carrera Columna dorsal y tórax. Mecánica respiratoria -- |
| -- |
La cadena cinemática superior -- |
| -- |
Biomecánica del hombro -- |
| -- |
Biomecánica del codo -- |
| -- |
Biomecánica de la muñeca -- |
| -- |
Biomecánica de la mano -- |
| -- |
Biomecánica del pulgar -- |
| -- |
La cadena cinemática inferior -- |
| -- |
Biomecámica de la cadera -- |
| -- |
Biomecánica de la rodilla Tobillo y pie |
| 650 10 - SUBJECT ADDED ENTRY--TOPICAL TERM |
| 9 (RLIN) |
79 |
| Topical term or geographic name entry element |
Biomecánica |
| 650 14 - SUBJECT ADDED ENTRY--TOPICAL TERM |
| 9 (RLIN) |
56 |
| Topical term or geographic name entry element |
Movimiento |
| 650 14 - SUBJECT ADDED ENTRY--TOPICAL TERM |
| 9 (RLIN) |
50 |
| Topical term or geographic name entry element |
Kinesiología |
| 942 ## - ADDED ENTRY ELEMENTS (KOHA) |
| Source of classification or shelving scheme |
|
| Koha item type |
Libros |